Mind Children : The Future of Robot and Human Intelligence /

Bewaard in:
Bibliografische gegevens
Hoofdauteur: Moravec, Hans (autor)
Formaat: Boek
Taal:Engels
Gepubliceerd in: Cambridge, Inglaterra : Harvard University, 1988, c1988
Onderwerpen:
Tags: Voeg label toe
Geen labels, Wees de eerste die dit record labelt!

MARC

LEADER 00000nam^a2200000^a^4500
001 000153999
005 20250521000000.0
009 20260310100340.164
020 |a 0-674-57618-7 
037 |a Acervo ITESO - Biblioteca 
041 |a ING 
082 |a 006. 3  |b MOR 
100 |a Moravec, Hans  |e (autor) 
245 1 0 |a Mind Children :  |b The Future of Robot and Human Intelligence /  |c H. Moravec. 
264 4 |a Cambridge, Inglaterra :  |b Harvard University,  |c 1988, c1988 
300 |a 214 p. 
336 |a texto  |b txt  |2 rdacontenido 
337 |a sin mediación  |b n  |2 rdamedio 
338 |a volumen  |b nc  |2 rdasoporte 
649 |a XX 
650 |a Interacción Hombre-Máquina 
650 |a Robótica -  |x Tema Principal 
650 |a Agentes Inteligentes (Software) 
650 |a Inteligencia Artificial -  |x Tema Principal 
650 |a Ingeniería Computacional 
910 |a Fondo General 
920 |a Impresos - Libros 
930 |a Colección General 
905 |a 101 
901 |a 0500086108  |b IT1  |c ACC  |u 20250521 
902 |a https://opac.biblio.iteso.mx/vufind/Record/000153999